00518nam a2200181Ia 450000500170000000800410001702000150005808200160007310000150008924500410010426000280014530000180017365000130019165000150020494200060021995200980022599900130032320240718060437.0240331s9999 xx 000 0 und d a0415144019 a200.19bCOR aCorbett, L 4aThe religious function of the psyche aLondonbRoutledgec1996 avii, 264 p ., aReligion aPsychology cL 001040708LaWERCLbWERCLcSSCd2024-03-31l0o 200.19 CORp2800r2024-03-31w2024-03-31yL c805d805